Development of selected financial indicators for agricultural enterprises in the Slovak Republic

Ekonomické výsledky poľnohospodárstva v SR. Až na roky 2001 a 2002 bolo poľnohospodárstvo stratové - príčiny stratovosti. Zlepšenie ekonomickej situácie za posledné dva roky. Aj pri pozitívnych tendenciách finančná pozícia väčšiny poľnohospodárskych podnikov v súčasnosti nie je adekvátna potrebám ro...

Descripción completa

Guardado en:
Detalles Bibliográficos
Autor principal: Chrastinová, Zuzana
Formato: Capítulo de libro
Lenguaje:inglés
Materias:
Etiquetas: Agregar Etiqueta
Sin Etiquetas, Sea el primero en etiquetar este registro!

MARC

LEADER 00000naa$a2200000$$$4500
001 0007760
005 20231113140119.4
041 0 |a eng 
044 |a CZ 
245 1 0 |a Development of selected financial indicators for agricultural enterprises in the Slovak Republic  |c aut. Zuzana Chrastinová 
520 |a Ekonomické výsledky poľnohospodárstva v SR. Až na roky 2001 a 2002 bolo poľnohospodárstvo stratové - príčiny stratovosti. Zlepšenie ekonomickej situácie za posledné dva roky. Aj pri pozitívnych tendenciách finančná pozícia väčšiny poľnohospodárskych podnikov v súčasnosti nie je adekvátna potrebám rozvoja tohto odvetvia, keď opotrebovanosť HIM dosahuje 50 perc. a z toho opotrebovanosť strojov 70 perc. Úroveň hospodárskeho výskedku nie je významná ani u ziskových podnikov, pretože 75 perc. z nich dosahuje zisk len do 1,5 mil. Sk. 
610 2 0 |a poľnohospodárstvo 
610 2 0 |a Slovensko 
610 2 0 |a ukazovatele ekonomické 
610 2 0 |a podnik poľnohospodársky 
610 2 0 |a zisk 
610 2 0 |a strata 
610 2 0 |a výsledok hospodársky 
610 2 0 |a majetok hmotný 
610 2 0 |a opotrebovanie fyzické 
100 1 |a Chrastinová, Zuzana